[Event "BL 0809 USV TU Dresden - Solinger SG"]
[Site "?"]
[Date "2009.03.01"]
[Round "13.6"]
[White "Loxine, Jakow"]
[Black "Buhmann, Rainer"]
[Result "0-1"]
[WhiteElo "2338"]
[BlackElo "2541"]
[PlyCount "130"]
[EventDate "2009.??.??"]

1. Nf3 d5 2. d4 c6 3. c4 dxc4 4. a4 Nf6 5. Nc3 e6 6. e3 c5 7. Bxc4 Nc6 8. O-O
Be7 9. Qe2 cxd4 10. exd4 O-O 11. Bg5 Nb4 12. Rfe1 Bd7 13. Ne5 Kh8 14. Rad1 Bc6
15. h4 Nfd5 16. Nxc6 bxc6 17. Ne4 Rb8 18. g3 a5 19. Kg2 Qc7 20. Bxe7 Qxe7 21.
Ng5 h6 22. Nf3 Nb6 23. Bb3 Qb7 24. Rc1 Nd7 25. Bc4 Rfd8 26. Qe4 Nf6 27. Qe5 Qb6
28. Re2 Rbc8 29. Rd2 Qa7 30. Rcd1 Nd7 31. Qf4 Nb6 32. Bb3 N6d5 33. Qe4 Kg8 34.
Bc4 Nb6 35. Bb3 N6d5 36. Bc4 Qc7 37. Qe5 Qb7 38. Qe4 Nf6 39. Qe5 Nbd5 40. b3 c5
41. dxc5 Rxc5 42. Rd3 Rcc8 43. Qe1 Qb6 44. Ne5 Nb4 45. Rxd8+ Rxd8 46. Rxd8+
Qxd8 47. Qe3 Qc7 48. Qd4 Nc6 49. Nxc6 Qxc6+ 50. Kg1 Qc7 51. Be2 Nd5 52. Bf3 Nb4
53. Qe4 Kf8 54. Kg2 Ke7 55. h5 Nc2 56. Bd1 Nb4 57. Bf3 Qc5 58. Qh4+ Ke8 59. Qg4
Nd3 60. Qe4 Qxf2+ 61. Kh3 Ne5 62. Qxe5 Qxf3 63. Qxa5 Qh1+ 64. Kg4 f5+ 65. Kf4
Qe4# 0-1

[Event "BL 0809 USV TU Dresden - Solinger SG"]
[Site "?"]
[Date "2009.03.01"]
[Round "13.7"]
[White "Ernst, Sipke"]
[Black "Graf, Felix"]
[Result "1-0"]
[WhiteElo "2576"]
[BlackElo "2287"]
[PlyCount "117"]
[EventDate "2009.??.??"]

1. Nf3 Nf6 2. c4 e6 3. g3 d5 4. d4 Bb4+ 5. Bd2 Be7 6. Bg2 O-O 7. O-O c6 8. Qc2
Ne4 9. Bf4 Nd7 10. Nfd2 f5 11. Nxe4 fxe4 12. Nc3 Nb6 13. b3 Bg5 14. Bxg5 Qxg5
15. Rad1 Bd7 16. c5 Nc8 17. f3 exf3 18. exf3 e5 19. dxe5 Qxe5 20. Rfe1 Qf6 21.
Qd2 Ne7 22. Qd4 Rae8 23. Qxf6 gxf6 24. Kf2 Bc8 25. Bf1 Ng6 26. Ne2 Re5 27. f4
Re7 28. Nd4 Rfe8 29. Rxe7 Rxe7 30. Bd3 Bg4 31. Rc1 Nf8 32. b4 Kf7 33. Nb3 h6
34. a3 Ne6 35. h3 Bh5 36. Re1 Kf8 37. Bf5 Bf7 38. h4 Nd8 39. Nd4 Rxe1 40. Kxe1
Ke7 41. Bc8 Bg6 42. Kd2 h5 43. a4 Bh7 44. Ke3 Bg6 45. g4 hxg4 46. Bxg4 Be8 47.
Nf5+ Kf8 48. Nd6 b6 49. Kd4 Bg6 50. Bh3 bxc5+ 51. Kxc5 Bc2 52. a5 Ba4 53. Kd4
a6 54. Bc8 Ke7 55. Nf5+ Kf7 56. Bxa6 Ne6+ 57. Ke3 c5 58. bxc5 Nxc5 59. Bc8 1-0

[Event "BL 0809 Werder Bremen - OSC Baden Baden"]
[Site "?"]
[Date "2009.03.01"]
[Round "13.2"]
[White "Eljanov, Pavel"]
[Black "Svidler, Peter"]
[Result "1/2-1/2"]
[WhiteElo "2720"]
[BlackElo "2727"]
[PlyCount "39"]
[EventDate "2009.??.??"]

1. d4 Nf6 2. c4 g6 3. Nc3 d5 4. Nf3 Bg7 5. Bg5 Ne4 6. Bf4 Nxc3 7. bxc3 c5 8. e3
O-O 9. cxd5 Qxd5 10. Be2 cxd4 11. cxd4 Nc6 12. O-O Bf5 13. Qa4 Qa5 14. Qb3 Qb4
15. Rfc1 a6 16. Bc4 Qxb3 17. Bxb3 Rac8 18. Bd5 Na5 19. Ne5 Bxe5 20. Bxe5
1/2-1/2

[Event "BL 0809 Werder Bremen - OSC Baden Baden"]
[Site "?"]
[Date "2009.03.01"]
[Round "13.5"]
[White "Bacrot, Etienne"]
[Black "Fressinet, Laurent"]
[Result "1-0"]
[WhiteElo "2705"]
[BlackElo "2676"]
[PlyCount "111"]
[EventDate "2009.??.??"]

1. e4 e5 2. Nf3 Nc6 3. Bb5 a6 4. Ba4 Nf6 5. O-O Nxe4 6. d4 b5 7. Bb3 d5 8. dxe5
Be6 9. Nbd2 Nc5 10. c3 d4 11. Bxe6 Nxe6 12. cxd4 Ncxd4 13. a4 Bb4 14. axb5
Nxf3+ 15. Nxf3 axb5 16. Rxa8 Qxa8 17. Ng5 Be7 18. Nxe6 fxe6 19. Qg4 Kf7 20.
Qf4+ Ke8 21. Be3 Rf8 22. Qg4 Kf7 23. h3 Qd5 24. Qh5+ Kg8 25. Rd1 Qc6 26. Rc1
Qd7 27. Qg4 Rc8 28. Rd1 Qc6 29. h4 Kh8 30. h5 Bf8 31. Bg5 Qe8 32. h6 Qf7 33.
Rd3 Re8 34. Rf3 Qg6 35. Qf4 Qf5 36. Qe3 Qb1+ 37. Kh2 Qg6 38. Qf4 gxh6 39. Bf6+
Bg7 40. Rg3 Qh5+ 41. Rh3 Qf7 42. Bxg7+ Qxg7 43. Rxh6 Rf8 44. Rf6 Kg8 45. g4
Rxf6 46. exf6 Qd7 47. Qg5+ Kf8 48. b4 c6 49. Kh3 Qa7 50. Qe3 Qd7 51. Qh6+ Ke8
52. Qg5 Kf8 53. Kh4 Qf7 54. f4 Qa7 55. Kh5 Qb7 56. Kh6 1-0

[Event "BL 0809 Werder Bremen - OSC Baden Baden"]
[Site "?"]
[Date "2009.03.01"]
[Round "13.6"]
[White "Meier, Georg"]
[Black "Harikrishna, Pentala"]
[Result "1/2-1/2"]
[WhiteElo "2558"]
[BlackElo "2659"]
[PlyCount "58"]
[EventDate "2009.??.??"]

1. Nf3 Nf6 2. g3 c5 3. Bg2 g6 4. c4 Nc6 5. Nc3 d6 6. d4 cxd4 7. Nxd4 Bd7 8. O-O
Bg7 9. Nc2 O-O 10. b3 Qa5 11. Bb2 Qh5 12. Ne3 Bh3 13. Qd2 Bxg2 14. Kxg2 Qa5 15.
Rfd1 Rfd8 16. Ned5 Nxd5 17. Nxd5 Qxd2 18. Rxd2 Bxb2 19. Rxb2 Rab8 20. Rd2 Kf8
21. f4 Rdc8 22. Rc1 Nd8 23. Rc3 Ne6 24. g4 Nc7 25. Rh3 Nxd5 26. Rxd5 Kg7 27.
Re3 Kf8 28. Rh3 Kg7 29. Re3 Kf8 1/2-1/2

[Event "BL 0809 Werder Bremen - OSC Baden Baden"]
[Site "?"]
[Date "2009.03.01"]
[Round "13.7"]
[White "Naiditsch, Arkadij"]
[Black "Roiz, Michael"]
[Result "1-0"]
[WhiteElo "2678"]
[BlackElo "2677"]
[PlyCount "43"]
[EventDate "2009.??.??"]

1. e4 e5 2. Nf3 Nc6 3. d4 exd4 4. Nxd4 Bb4+ 5. c3 Bc5 6. Be3 Bb6 7. f4 Nge7 8.
c4 d6 9. Nc3 O-O 10. Be2 f5 11. Nxc6 bxc6 12. c5 Bxc5 13. Bxc5 dxc5 14. Qb3+
Kh8 15. Rd1 Qe8 16. e5 g5 17. O-O Ng6 18. Bh5 gxf4 19. Ne2 Ba6 20. Bxg6 hxg6
21. Nxf4 Bxf1 22. e6 1-0

[Event "BL 0809 Werder Bremen - OSC Baden Baden"]
[Site "?"]
[Date "2009.03.01"]
[Round "13.8"]
[White "Nyback, Tomi"]
[Black "Dautov, Rustem"]
[Result "1-0"]
[WhiteElo "2639"]
[BlackElo "2601"]
[PlyCount "61"]
[EventDate "2009.??.??"]

1. d4 Nf6 2. c4 c6 3. Nc3 d5 4. Nf3 a6 5. c5 Bf5 6. Bf4 Nbd7 7. e3 e6 8. Nd2
Be7 9. Be2 Bg6 10. b4 Qc8 11. a4 O-O 12. h4 h6 13. g4 a5 14. bxa5 e5 15. dxe5
Ne8 16. g5 hxg5 17. hxg5 Nxc5 18. Bg4 Bf5 19. Bxf5 Qxf5 20. Qh5 f6 21. gxf6
Qxh5 22. Rxh5 gxf6 23. Ke2 Ng7 24. Rg1 Rxa5 25. Bh6 Nce6 26. Nb3 Rfa8 27. Nd4
Kf7 28. Bxg7 Nxg7 29. Rh7 Bf8 30. e6+ Kg8 31. Rgh1 1-0

[Event "BL 0809 Turm Emsdetten - SC Eppingen"]
[Site "?"]
[Date "2009.03.01"]
[Round "13.1"]
[White "Tiviakov, Sergei"]
[Black "Feygin, Michael"]
[Result "1-0"]
[WhiteElo "2686"]
[BlackElo "2569"]
[PlyCount "135"]
[EventDate "2009.??.??"]

1. e4 e6 2. d4 d5 3. Nd2 Be7 4. c3 c5 5. dxc5 Bxc5 6. Bd3 Nf6 7. Qe2 a5 8. Nb3
Be7 9. e5 Nfd7 10. a4 b6 11. Nd4 Ba6 12. Bb5 Bxb5 13. axb5 Qc7 14. Ngf3 g5 15.
h3 h5 16. Nxg5 Qxe5 17. Be3 Bxg5 18. Nf3 Qf5 19. Nxg5 Ne5 20. O-O Nbd7 21. f4
Nc4 22. Bd4 Rh6 23. Nf3 Ke7 24. Nh4 Qe4 25. Qf2 Rg8 26. Rfe1 Qd3 27. Kh2 Nd6
28. Rad1 Qxb5 29. f5 Ne4 30. Qf4 Rh7 31. c4 Qc6 32. cxd5 exd5 33. Rc1 Qd6 34.
f6+ Ke6 35. Qxd6+ Kxd6 36. Nf5+ Ke6 37. Ne7 Ndxf6 38. Nxg8 Nxg8 39. Rc6+ Kd7
40. Rxb6 Ne7 41. Rb5 Rh6 42. Rf1 f5 43. Rxa5 Rc6 44. Rfa1 Rc4 45. R5a4 Rxa4 46.
Rxa4 Nc6 47. Kg1 f4 48. Kf1 Ke6 49. Ke2 Kf5 50. Bf2 Ne5 51. Be1 Nc5 52. Rd4 f3+
53. gxf3 Ne6 54. Rd1 Nf4+ 55. Kf1 Nxf3 56. Bg3 Nxh3 57. Rxd5+ Kg4 58. Bd6 Nhg5
59. b4 Ne4 60. b5 Nfd2+ 61. Kg1 Nf3+ 62. Kf1 Nfd2+ 63. Kg2 Nc4 64. Bc5 h4 65.
b6 Nxc5 66. Rd4+ Kf5 67. Rxc4 Nb7 68. Rc7 1-0

[Event "BL 0809 Turm Emsdetten - SC Eppingen"]
[Site "?"]
[Date "2009.03.01"]
[Round "13.3"]
[White "Gyimesi, Zoltan"]
[Black "Spoelman, Wouter"]
[Result "1-0"]
[WhiteElo "2592"]
[BlackElo "2459"]
[PlyCount "165"]
[EventDate "2009.??.??"]

1. d4 Nf6 2. c4 e6 3. Nc3 Bb4 4. e3 b6 5. Nge2 c5 6. a3 Ba5 7. Rb1 Na6 8. Ng3
Bb7 9. Bd3 cxd4 10. exd4 Bxc3+ 11. bxc3 O-O 12. O-O Nb8 13. a4 Nc6 14. Nh5 Nxh5
15. Qxh5 f5 16. Re1 Ba6 17. Re3 Qe8 18. Qe2 Qf7 19. Ba3 Rfc8 20. Bd6 Na5 21. c5
Bxd3 22. Qxd3 Kh8 23. Rg3 Rg8 24. cxb6 axb6 25. Rxb6 Nc6 26. Qd1 Ra5 27. Rb5
Ra6 28. c4 Rga8 29. d5 exd5 30. cxd5 Ne7 31. Bxe7 Qxe7 32. Rgb3 h6 33. Rb8+
Rxb8 34. Rxb8+ Kh7 35. Rb1 Qe4 36. Ra1 Ra5 37. d6 Qb4 38. g3 Kg6 39. h4 Ra6 40.
h5+ Kg5 41. Qe2 Qxd6 42. a5 Qe6 43. Qd1 f4 44. gxf4+ Kf6 45. Ra3 Qc4 46. Re3
Re6 47. Qxd7 Rxe3 48. fxe3 Qe2 49. Qc6+ Kf7 50. Qd5+ Kf6 51. Qe4 Kf7 52. Qd5+
Kf6 53. Qe5+ Kf7 54. Qc3 Kf8 55. Qc8+ Kf7 56. Qb7+ Kf6 57. Qc6+ Kf7 58. Qc3 Kf8
59. Qc8+ Kf7 60. Qf5+ Ke7 61. Qe4+ Kf7 62. Qe5 Kf8 63. Qd6+ Kf7 64. Qc5 Ke8 65.
f5 Kf7 66. Qd5+ Kf6 67. Qd4+ Kxf5 68. Qd5+ Kf6 69. Qg2 Qxh5 70. a6 Qa5 71. Qc6+
Ke5 72. Kf1 Qa1+ 73. Ke2 Qa2+ 74. Kd3 Qb1+ 75. Kc4 Qa2+ 76. Kb4 h5 77. Qc5+ Kf6
78. a7 Qb2+ 79. Ka5 Qa2+ 80. Kb6 Qb3+ 81. Kc6 Qa4+ 82. Kb7 Qd7+ 83. Qc7 1-0

[Event "BL 0809 Turm Emsdetten - SC Eppingen"]
[Site "?"]
[Date "2009.03.01"]
[Round "13.5"]
[White "Ruck, Robert"]
[Black "Kabatianski, Alexandr"]
[Result "1/2-1/2"]
[WhiteElo "2574"]
[BlackElo "2436"]
[PlyCount "64"]
[EventDate "2009.??.??"]

1. Nf3 Nf6 2. c4 b6 3. g3 Bb7 4. Bg2 e6 5. Nc3 Be7 6. O-O O-O 7. Re1 d5 8. cxd5
Nxd5 9. e4 Nxc3 10. bxc3 c5 11. d4 cxd4 12. cxd4 Nc6 13. Bb2 Bf6 14. Rb1 Re8
15. h4 h6 16. d5 exd5 17. e5 Be7 18. e6 f6 19. Nd4 Bc5 20. Nf5 Ne5 21. Rxe5
fxe5 22. Nxh6+ Kf8 23. Bxe5 Rxe6 24. Qf3+ Rf6 25. Bxf6 Qxf6 26. Qxf6+ gxf6 27.
Rd1 Rd8 28. Nf5 Bc8 29. Nd4 Bxd4 30. Rxd4 Be6 31. Kf1 Ke7 32. Ke2 Rc8 1/2-1/2

[Event "BL 0809 Turm Emsdetten - SC Eppingen"]
[Site "?"]
[Date "2009.03.01"]
[Round "13.6"]
[White "Richter, Christian"]
[Black "Acs, Peter"]
[Result "1/2-1/2"]
[WhiteElo "2403"]
[BlackElo "2542"]
[PlyCount "41"]
[EventDate "2009.??.??"]

1. d4 Nf6 2. c4 e6 3. Nf3 d5 4. Nc3 dxc4 5. e3 a6 6. a4 c5 7. Bxc4 Nc6 8. O-O
Be7 9. b3 cxd4 10. exd4 O-O 11. Bb2 Nb4 12. Ne5 b6 13. Qe2 Bb7 14. Rac1 Nbd5
15. f4 g6 16. Nxd5 Nxd5 17. Qe4 Bb4 18. Rf2 Qe7 19. Qd3 Rfc8 20. Rcf1 Bd6 21.
Qh3 1/2-1/2

[Event "BL 0809 Turm Emsdetten - SC Eppingen"]
[Site "?"]
[Date "2009.03.01"]
[Round "13.7"]
[White "Medvegy, Zoltan"]
[Black "Zumsande, Martin"]
[Result "1-0"]
[WhiteElo "2556"]
[BlackElo "2411"]
[PlyCount "123"]
[EventDate "2009.??.??"]

1. Nf3 d5 2. d4 e6 3. c4 Nf6 4. g3 Be7 5. Bg2 O-O 6. O-O dxc4 7. Qc2 a6 8. a4
c5 9. dxc5 Nc6 10. Nbd2 Bxc5 11. Nxc4 Qe7 12. Nfe5 Nb4 13. Qb3 a5 14. Bd2 Nfd5
15. Rfd1 b6 16. Bxb4 axb4 17. Nd3 Ba6 18. e4 Rac8 19. Nxc5 Qxc5 20. Ne5 Nf6 21.
Nd3 Bxd3 22. Qxd3 h5 23. Qd4 Qa5 24. h3 Rc5 25. Qe3 Rfc8 26. Rd6 Ne8 27. Rd7
Nf6 28. Rb7 e5 29. Bf1 R8c7 30. Rb8+ Rc8 31. Rb7 R8c7 32. Rxc7 Rxc7 33. Bb5 b3
34. Qxb3 Qd2 35. Rd1 Rc1 36. Rxc1 Qxc1+ 37. Kg2 Nxe4 38. Qe3 Qxe3 39. fxe3 Kf8
40. b4 Nd6 41. Be2 h4 42. a5 bxa5 43. bxa5 hxg3 44. a6 Nc8 45. Kxg3 Ke7 46. Kg4
Kd6 47. Bc4 f6 48. Kh5 g5 49. Kg6 Ke7 50. Bd3 Na7 51. Bf5 Nc6 52. e4 Na7 53.
Bd7 Kxd7 54. Kxf6 Kc7 55. Kxg5 Nb5 56. Kf6 Kb6 57. Kxe5 Kxa6 58. h4 Kb6 59. h5
Kc7 60. h6 Nd6 61. h7 Kd7 62. Kf6 1-0

[Event "BL 0809 Turm Emsdetten - SC Eppingen"]
[Site "?"]
[Date "2009.03.01"]
[Round "13.8"]
[White "Bosman, Michiel"]
[Black "Guliyev, Namig"]
[Result "1/2-1/2"]
[WhiteElo "2346"]
[BlackElo "2521"]
[PlyCount "86"]
[EventDate "2009.??.??"]

1. g3 e5 2. Bg2 d5 3. d3 Nf6 4. Nf3 Nc6 5. O-O Be7 6. c3 a5 7. Nbd2 O-O 8. e4
dxe4 9. dxe4 Be6 10. Qe2 Nd7 11. Nc4 f6 12. Ne3 Re8 13. Rd1 a4 14. Nd5 Bf8 15.
Be3 Ncb8 16. Ne1 c6 17. Nb6 Ra6 18. Nxd7 Nxd7 19. Qf1 Qe7 20. Bh3 Raa8 21. Rd2
Nc5 22. Bxc5 Qxc5 23. Bxe6+ Rxe6 24. Nc2 Rd6 25. Rad1 Rad8 26. Rxd6 Rxd6 27.
Rxd6 Bxd6 28. a3 Qb6 29. Qc4+ Kf8 30. Nb4 Bxb4 31. axb4 Qd8 32. b5 Qd7 33. Qxa4
cxb5 34. Qb4+ Kf7 35. Qb3+ Kg6 36. Qc2 h5 37. Qe2 Qc6 38. Qf3 b4 39. Kg2 bxc3
40. bxc3 b5 41. h3 Qe6 42. g4 hxg4 43. hxg4 Kf7 1/2-1/2

[Event "BL 0809 SC Remagen - Schachfr. Berlin"]
[Site "?"]
[Date "2009.03.01"]
[Round "13.1"]
[White "Markos, Jan"]
[Black "Avrukh, Boris"]
[Result "1-0"]
[WhiteElo "2557"]
[BlackElo "2657"]
[PlyCount "71"]
[EventDate "2009.??.??"]

1. d4 Nf6 2. c4 g6 3. Nc3 d5 4. Nf3 Bg7 5. Bg5 Ne4 6. cxd5 Nxg5 7. Nxg5 e6 8.
Qd2 h6 9. Nh3 exd5 10. Qe3+ Kf8 11. Nf4 c6 12. Qf3 Qf6 13. e3 h5 14. h4 Bg4 15.
Qg3 Nd7 16. Be2 Bf5 17. Rc1 Nb6 18. b4 a6 19. a4 Qe7 20. b5 axb5 21. axb5 Bf6
22. bxc6 bxc6 23. Bd3 Bxd4 24. Bxf5 Bxc3+ 25. Rxc3 Qf6 26. O-O gxf5 27. Rb3 Nc4
28. Rfb1 Nd6 29. Rb6 Rg8 30. Rb8+ Ne8 31. Qxg8+ Kxg8 32. Rxa8 Qe5 33. Rbb8 Kg7
34. Rxe8 Qc3 35. Rg8+ Kf6 36. Rae8 1-0

[Event "BL 0809 SC Remagen - Schachfr. Berlin"]
[Site "?"]
[Date "2009.03.01"]
[Round "13.2"]
[White "Fedorchuk, Sergey"]
[Black "Miezis, Normunds"]
[Result "1-0"]
[WhiteElo "2603"]
[BlackElo "2557"]
[PlyCount "57"]
[EventDate "2009.??.??"]

1. e4 c5 2. Nf3 e6 3. d4 cxd4 4. Nxd4 a6 5. Be2 Bc5 6. O-O d6 7. Nb3 Ba7 8. Qd3
Nc6 9. Nc3 Nb4 10. Qg3 g6 11. Bf4 h5 12. Rad1 h4 13. Qf3 Bb8 14. Bxd6 Bxd6 15.
e5 Nd5 16. Nxd5 Bxe5 17. Qe3 Bb8 18. Qc3 exd5 19. Qxh8 Kf8 20. Bf3 Be6 21. Rfe1
g5 22. Nc5 Qd6 23. Nxe6+ fxe6 24. g3 b5 25. Rd3 Ra7 26. Bh5 g4 27. Bxg4 Rf7 28.
Bxe6 Qe7 29. Rf3 1-0

[Event "BL 0809 SC Remagen - Schachfr. Berlin"]
[Site "?"]
[Date "2009.03.01"]
[Round "13.3"]
[White "Polzin, Rainer"]
[Black "Dgebuadze, Alexandre"]
[Result "1-0"]
[WhiteElo "2500"]
[BlackElo "2544"]
[PlyCount "149"]
[EventDate "2009.??.??"]

1. e4 e6 2. d4 d5 3. Nc3 Bb4 4. e5 Ne7 5. a3 Bxc3+ 6. bxc3 c5 7. Qg4 O-O 8. Bd3
Nbc6 9. Qh5 Ng6 10. Nf3 Qc7 11. Be3 Nce7 12. h4 Bd7 13. Qg4 f5 14. Qh3 cxd4 15.
cxd4 Bb5 16. Bxb5 Qa5+ 17. Bd2 Qxb5 18. h5 Nh8 19. h6 g6 20. Bb4 Rfe8 21. Qh4
Qd7 22. Qf6 Nc6 23. Ng5 Nxb4 24. axb4 Re7 25. Nh3 Rf7 26. Qg5 Qb5 27. Qd2 Rc7
28. Nf4 Rac8 29. Ra5 Qd7 30. Rc5 Nf7 31. Rh3 b6 32. Rxc7 Rxc7 33. Rc3 Rxc3 34.
Qxc3 Nxh6 35. b5 Kf7 36. Qh3 Kg7 37. Qh4 Ng8 38. Qd8 Qxb5 39. Nxe6+ Kh8 40. Qc7
Qb4+ 41. Kd1 Qe7 42. Qc6 a5 43. Qxd5 a4 44. Qd6 Qa7 45. Qc7 Qxc7 46. Nxc7 Kg7
47. d5 Ne7 48. d6 Nc6 49. e6 a3 50. Kc1 Kf6 51. e7 Nxe7 52. dxe7 Kxe7 53. Nd5+
Kd6 54. Nxb6 Kc5 55. Nd7+ Kd4 56. Nf8 Kc3 57. Kb1 g5 58. Nxh7 g4 59. f3 gxf3
60. gxf3 a2+ 61. Kxa2 Kxc2 62. f4 Kd3 63. Ng5 Kd2 64. Ka1 Kc1 65. Nf3 Kc2 66.
Nh4 Kd3 67. Kb2 Ke3 68. Ng6 Kd2 69. Kb3 Kd3 70. Kb4 Kd4 71. Kb5 Kd5 72. Kb6 Kd6
73. Nh4 Kd5 74. Kc7 Kd4 75. Kd6 1-0

[Event "BL 0809 SC Remagen - Schachfr. Berlin"]
[Site "?"]
[Date "2009.03.01"]
[Round "13.4"]
[White "Mainka, Romuald"]
[Black "Lauber, Arnd"]
[Result "1-0"]
[WhiteElo "2482"]
[BlackElo "2497"]
[PlyCount "94"]
[EventDate "2009.??.??"]

1. e4 c6 2. Nc3 d5 3. Qe2 dxe4 4. Nxe4 Bf5 5. Nf3 e6 6. d3 Be7 7. g3 h6 8. Bg2
Nf6 9. O-O O-O 10. b3 a5 11. a3 Nbd7 12. Bb2 Qc7 13. Nfd2 Bh7 14. Kh1 Rac8 15.
Nxf6+ Bxf6 16. Bxf6 Nxf6 17. Nc4 Nd5 18. Qd2 Ra8 19. f4 Rfd8 20. Qf2 Rac8 21.
Qe1 a4 22. bxa4 b5 23. Ne5 bxa4 24. Rb1 Rb8 25. Qf2 c5 26. h3 Nc3 27. Rxb8 Rxb8
28. Nc4 Nd5 29. Re1 Nb6 30. Ne5 Nd5 31. f5 Nf6 32. fxe6 fxe6 33. Qf4 Qa5 34.
Re2 Qb5 35. Nc4 Rf8 36. Qd6 Bg6 37. Kh2 Bh5 38. g4 Bf7 39. Ne5 Qb7 40. Qxc5 Rb8
41. Kh1 Qb1+ 42. Kh2 Qc1 43. Rf2 Re8 44. Qd6 Qe3 45. Rf3 Qe2 46. c4 Kh7 47. d4
Rg8 1-0

[Event "BL 0809 SC Remagen - Schachfr. Berlin"]
[Site "?"]
[Date "2009.03.01"]
[Round "13.6"]
[White "Boidman, Yuri"]
[Black "Thiede, Lars"]
[Result "1-0"]
[WhiteElo "2415"]
[BlackElo "2464"]
[PlyCount "129"]
[EventDate "2009.??.??"]

1. d4 g6 2. c4 Bg7 3. Nc3 Nf6 4. Nf3 d6 5. Bf4 O-O 6. e3 c5 7. d5 Qa5 8. Qd2 a6
9. Be2 b5 10. O-O bxc4 11. e4 Nbd7 12. Rfe1 Rb8 13. Rab1 Nh5 14. Bh6 Nb6 15. e5
Bf5 16. Bxg7 Nxg7 17. Rbd1 f6 18. exd6 exd6 19. Qf4 Rbd8 20. a3 g5 21. Qc1 Bg4
22. Ne5 dxe5 23. Bxg4 f5 24. Be2 Nc8 25. Bxc4 Nd6 26. Ba2 Rde8 27. Qxg5 Qb6 28.
Qh6 Qd8 29. Re3 Rf6 30. Qh4 f4 31. Rh3 h6 32. Bb1 Ngf5 33. Qg4+ Kh8 34. Rh5 Ng7
35. Rh3 Rg8 36. Qe2 Qe7 37. Ne4 Nxe4 38. Qxe4 Ne8 39. Rh5 f3 40. Rxe5 Qg7 41.
g3 Nd6 42. Qh4 Nb5 43. Rde1 Nd4 44. Bd3 Rgf8 45. Kf1 Rf4 46. Qh5 R4f6 47. Re7
Qg5 48. Rh7+ Kg8 49. Qxg5+ hxg5 50. Ree7 Rb8 51. d6 Rxd6 52. Reg7+ Kf8 53. Re7
Kg8 54. Reg7+ Kf8 55. Ra7 Kg8 56. Bc4+ Ne6 57. Rhd7 Rdb6 58. Re7 Kf8 59. Bxe6
Rxb2 60. Rf7+ Ke8 61. Rxf3 R8b6 62. Bg4 Rh6 63. Kg2 Rc2 64. Bd7+ Kd8 65. Ba4
1-0

[Event "BL 0809 SC Remagen - Schachfr. Berlin"]
[Site "?"]
[Date "2009.03.01"]
[Round "13.7"]
[White "Rudolf, Henrik"]
[Black "Polaczek, Richard"]
[Result "1-0"]
[WhiteElo "2368"]
[BlackElo "2419"]
[PlyCount "79"]
[EventDate "2009.??.??"]

1. e4 e6 2. d4 d5 3. Nc3 Nf6 4. e5 Nfd7 5. f4 c5 6. Nf3 Nc6 7. Be3 Be7 8. Qd2
O-O 9. g3 Rb8 10. h4 a6 11. h5 b5 12. Ne2 f6 13. Bh3 Kh8 14. O-O Qb6 15. c3 b4
16. f5 bxc3 17. bxc3 fxe5 18. fxe6 cxd4 19. exd7 dxe3 20. Qxd5 Bb7 21. Nxe5
Nxe5 22. Qxe5 Bf6 23. Qe6 Qc5 24. Rf5 Qe7 25. Qxe7 Bxe7 26. Re5 Bd6 27. Rxe3
Bc6 28. Nd4 Bc5 29. Re5 Bxd4+ 30. cxd4 Rbd8 31. Rf1 Rxf1+ 32. Bxf1 Kg8 33. Bc4+
Kf8 34. Rf5+ Ke7 35. Rf7+ Kd6 36. Rxg7 Rxd7 37. Rxd7+ Bxd7 38. h6 Bf5 39. Kf2
a5 40. Ke3 1-0

[Event "BL 0809 SC Remagen - Schachfr. Berlin"]
[Site "?"]
[Date "2009.03.01"]
[Round "13.8"]
[White "Schulz, Klaus-Juergen"]
[Black "Thinius, Marco"]
[Result "0-1"]
[WhiteElo "2379"]
[BlackElo "2421"]
[PlyCount "102"]
[EventDate "2009.??.??"]

1. d4 Nf6 2. Nf3 e6 3. c4 b6 4. g3 Bb7 5. Bg2 Be7 6. Nc3 O-O 7. O-O Na6 8. Qa4
Qc8 9. Bg5 Re8 10. Ne5 Bxg2 11. Kxg2 c5 12. Bxf6 gxf6 13. Nf3 cxd4 14. Nxd4
Qb7+ 15. Kg1 Nc5 16. Qc2 f5 17. Rad1 a6 18. f3 Qc7 19. Kg2 Rac8 20. Qd2 Bf6 21.
Qh6 Bg7 22. Qg5 Qe5 23. Nb3 Rc7 24. f4 Ne4 25. Qh5 Qf6 26. Nxe4 fxe4 27. c5
bxc5 28. Nxc5 d5 29. b4 Qg6 30. Qh4 f5 31. Rc1 Rec8 32. Rc2 a5 33. a3 Bf6 34.
Qh3 h5 35. Kh1 d4 36. Rd2 axb4 37. axb4 Qf7 38. Rfd1 Bg7 39. Ra2 e5 40. Ra6
exf4 41. gxf4 Rc6 42. Ra5 Re8 43. Rg1 Rg6 44. Rg3 Rxg3 45. Qxg3 d3 46. Ra1 Kh7
47. Rd1 dxe2 48. Re1 Rb8 49. Rxe2 Rxb4 50. h3 Rc4 51. Qb3 Qd5 0-1

[Event "BL 0809 SG Turm Trier - Hamburger SK"]
[Site "?"]
[Date "2009.03.01"]
[Round "13.3"]
[White "Ftacnik, Lubomir Dr"]
[Black "Lupulescu, Constantin"]
[Result "1/2-1/2"]
[WhiteElo "2571"]
[BlackElo "2594"]
[PlyCount "30"]
[EventDate "2009.??.??"]

1. d4 d5 2. Nf3 c6 3. c4 e6 4. Nbd2 f5 5. g3 Bd6 6. Bg2 Nd7 7. Qc2 Ngf6 8. b3
O-O 9. Bb2 Qe7 10. Ne5 c5 11. cxd5 Nxd5 12. Nd3 cxd4 13. Bxd4 N5b6 14. Nc4 Nxc4
15. Qxc4 Kh8 1/2-1/2

[Event "BL 0809 SG Turm Trier - Hamburger SK"]
[Site "?"]
[Date "2009.03.01"]
[Round "13.4"]
[White "Flumbort, Andras"]
[Black "Hansen, Sune Berg"]
[Result "0-1"]
[WhiteElo "2489"]
[BlackElo "2543"]
[PlyCount "68"]
[EventDate "2009.??.??"]

1. d4 d5 2. c4 c6 3. Nf3 Nf6 4. Nc3 dxc4 5. a4 e6 6. e3 c5 7. Bxc4 Nc6 8. O-O
cxd4 9. exd4 Be7 10. Re1 O-O 11. Bg5 Nd5 12. Bxd5 Bxg5 13. Bxc6 bxc6 14. Qc2
Be7 15. Ne4 Qd5 16. Rac1 Re8 17. Red1 f6 18. Nc5 Rb8 19. Qc3 Rd8 20. Rd2 Bd6
21. Rcd1 Bd7 22. Ne1 Bf4 23. Rd3 Be8 24. g3 Bd6 25. Nc2 Bg6 26. R3d2 Qf5 27. b3
Bf8 28. Qc4 Bf7 29. Ne3 Qf3 30. Rd3 e5 31. Qc3 e4 32. R3d2 f5 33. Qc2 Bd6 34.
Nc4 Bd5 0-1

[Event "BL 0809 SG Turm Trier - Hamburger SK"]
[Site "?"]
[Date "2009.03.01"]
[Round "13.5"]
[White "Mueller, Karsten Dr"]
[Black "Seger, Ruediger"]
[Result "1-0"]
[WhiteElo "2517"]
[BlackElo "2394"]
[PlyCount "99"]
[EventDate "2009.??.??"]

1. e4 c6 2. Nf3 d5 3. exd5 cxd5 4. Ne5 Nc6 5. d4 Nf6 6. Bb5 Bd7 7. Nxd7 Qxd7 8.
c3 g6 9. Nd2 Bg7 10. O-O O-O 11. Re1 a6 12. Bd3 Qc7 13. Nf3 Nh5 14. g3 e5 15.
dxe5 Nxe5 16. Nxe5 Bxe5 17. Bf1 Rad8 18. Bg5 Bf6 19. Bxf6 Nxf6 20. Qd4 Qc6 21.
Bg2 Rd6 22. Rad1 Rfd8 23. Re2 b5 24. Re7 Re8 25. Rxe8+ Qxe8 26. Bf3 Qe6 27. Kg2
h5 28. Qf4 Rc6 29. Qg5 Rd6 30. Rd4 Kg7 31. Qf4 Rc6 32. Qg5 Rd6 33. Qd2 Qe5 34.
h4 Qe6 35. Qg5 Rd7 36. Qf4 Rd6 37. Rd2 Qe7 38. Qd4 Kh7 39. a4 bxa4 40. c4 Qc7
41. cxd5 Qa5 42. Qf4 Qd8 43. Rc2 Kg8 44. Rc6 Ne8 45. Qxa4 Rxc6 46. dxc6 Nc7 47.
Qb4 Kg7 48. Qf4 Qe7 49. Qd4+ Kg8 50. Kf1 1-0

[Event "BL 0809 SG Turm Trier - Hamburger SK"]
[Site "?"]
[Date "2009.03.01"]
[Round "13.6"]
[White "Kolbus, Dietmar"]
[Black "Heinemann, Thies"]
[Result "1/2-1/2"]
[WhiteElo "2414"]
[BlackElo "2490"]
[PlyCount "150"]
[EventDate "2009.??.??"]

1. c4 Nf6 2. Nf3 b6 3. g3 Bb7 4. Bg2 c5 5. O-O e6 6. Nc3 Be7 7. d4 cxd4 8. Qxd4
O-O 9. b3 Na6 10. Bb2 Qc8 11. Rac1 d6 12. Rfd1 Rd8 13. Qf4 Nc5 14. Ne1 Bxg2 15.
Kxg2 Qb7+ 16. Qf3 Qxf3+ 17. Kxf3 a6 18. Ba3 Nfd7 19. Bxc5 bxc5 20. Na4 Ne5+ 21.
Kg2 f5 22. Nd3 Nc6 23. h4 Kf7 24. e3 g6 25. Kf1 Rab8 26. Ke2 Bf6 27. Rd2 h6 28.
Rh1 Be7 29. Rhd1 Rh8 30. Rh1 Rb7 31. Rc2 Nb8 32. Nf4 Rd8 33. Rd2 Rc7 34. Rdd1
Nd7 35. Rd2 Nf6 36. Nc3 Rcc8 37. Rdd1 Rd7 38. Nd3 Bd8 39. Na4 Ba5 40. Rc1 Ne4
41. Rc2 Rdd8 42. Rg1 Rh8 43. Rcc1 Rcg8 44. Rg2 Nf6 45. Rh2 Rb8 46. Rh3 Rh7 47.
Rh2 Ne4 48. Rh3 Rbh8 49. Rh2 Bc7 50. Rh3 g5 51. Nc3 g4 52. Rhh1 Nf6 53. Rhd1
Ba5 54. Nf4 Bxc3 55. Rxc3 Ne4 56. Rc2 Rb8 57. Nd3 Kf6 58. Nb2 Rhb7 59. Na4 Ke5
60. Nb2 a5 61. Nd3+ Kf6 62. Nb2 Ra8 63. Na4 Ra6 64. Rd3 Ke5 65. Rd1 Rb8 66.
Rdc1 Ra7 67. Ke1 Ra6 68. Ke2 Rc6 69. Ke1 Rbc8 70. Ke2 d5 71. cxd5 exd5 72. Nb2
Ke6 73. Ke1 R8c7 74. Ke2 Rc8 75. Ke1 R8c7 1/2-1/2